000 00824cam a2200277 4500
001 4552922
003 OSt
005 20230626091234.0
008 730122s1973 nyua bs 001 0 eng
010 _a 72089312
040 _aDLC
_cDLC
_dDLC
043 _ad------
082 0 0 _a331.1
_bHAR
100 1 _aHarbison, Frederick Harris.
245 1 0 _aHuman resources as the wealth of nations
_c[by] Frederick H. Harbison.
260 _aNew York,
_bOxford University Press,
_c1973.
300 _a173 p.
_billus.
_c21 cm.
350 _a$2.50 (pbk.)
490 0 _aEconomic development series
504 _aBibliography: p. 161-167.
650 0 _aManpower.
650 0 _aEconomic development.
650 0 _aManpower policy
_zDeveloping countries.
906 _a7
_bcbc
_corignew
_d2
_eopcn
_f19
_gy-gencatlg
942 _2ddc
_cBK
999 _c2607
_d2607